• 首页
  • 本馆介绍
  • 公告通知
  • 最新文献
  • 馆藏检索
  • 电子资源
  • 读者导购
  • 参考咨询
  • 我的图书馆
  • 登录
  • 详细信息显示
  • 放入我的书架
  • 预约/预借图书
  • 作者相关作品
  • 分类相关作品
  • 丛书相关作品
  • 出版社相关作品

书目信息

  • 表格格式
  • 工作单格式
  • 卡片格式
题名:
AutoCAD 2009建筑制图实例教程
    
 
作者: 李善锋 主编
分册:  
出版信息: 北京   人民邮电出版社  2009
页数: 296页
开本: 26cm
丛书名:
单 册:
中图分类: TU204-39
科图分类:
主题词: 建筑制图--计算机辅助设计--应用软件--高等教育--教材
电子资源:
ISBN: 978-7-115-21351-8
000 01113n|m0 2200253 450
001 0102652186
005 20121116170000.0
010    @a978-7-115-21351-8@dCNY29.00
100    @a20091117d2009 em y0chiy0120 ea
101 0  @achi
102    @aCN@b110000
105    @ay z 000yy
135    @adrbn ---auuuu
200 1  @aAutoCAD 2009建筑制图实例教程@9A u t o C A D 2 0 0 9 Jian Zhu Zhi Tu Shi Li Jiao Cheng @f李善锋主编@b电子资源.图书@dExample courses of architectural drawing for AutoCAD 2009@zeng
210    @a北京@c人民邮电出版社@d2009
215    @a296页@d26cm
325    @a电子复制品
330    @a本书共14章,内容包括:AutoCAD绘图环境及基本操作、绘制及编辑图线、绘制二维基本对象、编辑图形、书写文字及标注尺寸、绘制轴测图、绘制建筑施工图和结构施工图的方法与技巧、创建三维实体模型、打印图形及AutoCAD证书考试练习题等。
510 1  @aExample courses of architectural drawing for AutoCAD 2009@zeng
606 0  @a建筑制图@x计算机辅助设计@x应用软件@x高等教育@j教材
690    @aTU204-39@v4
701  0 @a李善锋@4主编@9li shan feng
801  0 @aCN@bAZmarc@c20230904
905    @dTU204-39@e4@f1@sTU204-39/4@aBZT
    
    AutoCAD 2009建筑制图实例教程/李善锋主编[电子资源.图书]=Example courses of architectural drawing for AutoCAD 2009.-北京:人民邮电出版社,2009
    296页;26cm
    
    
    ISBN 978-7-115-21351-8:CNY29.00
    本书共14章,内容包括:AutoCAD绘图环境及基本操作、绘制及编辑图线、绘制二维基本对象、编辑图形、书写文字及标注尺寸、绘制轴测图、绘制建筑施工图和结构施工图的方法与技巧、创建三维实体模型、打印图形及AutoCAD证书考试练习题等。
●
相关链接 在五车中查询图书 在当当中查询图书 在豆瓣中查询图书


正题名:AutoCAD 2009建筑制图实例教程     索取号:TU204-39/4         预约/预借

序号 登录号 条形码 馆藏地/架位号 状态 备注
1 2000026846   2000026846   旧书回溯/ [索取号:TU204-39/4] 在馆    
山东省滨州职业学院图书馆 欢迎您!
大连网信软件有限公司© 版权所有